000 02206nam a2200409Ii 4500
001 DIGRILEDIT0129
003 NyNyDIG
006 m o d
007 cr |||||||||||
008 140101s2011 cl a o 000 0bspa d
020 _z9789562847902
020 _z956284790X
035 _a(OCoLC)847712483
040 _aDGITA
_beng
_epn
_cDGITA
043 _as-cl---
050 1 4 _aLB2822.75 eBook
245 0 3 _aUn 7 para siete :
_bgrandes resultados educando en condición de pobreza /
_ccoordinadora Luz María Budge C. ; Mariana Aylwin O. ... [et. al.]. ; prólogos María de los Ángeles Santander M., Lucía Santa Cruz S.
246 1 0 _aGrandes resultados educando en condición de pobreza.
246 1 3 _aSiete para siete.
264 1 _aSantiago, Chile :
_bLibertad y Desarrollo ;
_aProvidencia, Santiago de Chile:
_bUniversidad Finis Terrae :
_bRIL editores,
_c2011.
300 _a1 online resource (150 pages)
336 _atext
_btxt
_2rdacontent
337 _acomputer
_bc
_2rdamedia
338 _aonline resource
_bcr
_2rdacarrier
490 1 _aBibliodiversidad.
505 0 _aEscuela Radimadi (La Unión): pedagogía con efecto y afecto / Luz María Budge C. -- Colegio Rosa Elvira Matte (Lo Espejo): la clave está en el profesor / Loreto Fonaine C. -- Colegio Francisco Ramírez (San Ramón): romper el estigma / Patricia Matte L. -- Colegio María Mazzarello (Talca) / José Weinstein C. -- Colegio Eduardo Martín Abejón (Constitución): obra de un líder / Bárbara Eyzaguirre A. -- Colegio República de Siria (Ñuñoa): el privilegio de enseñar / Ernesto Schiefelbein F. -- Colegio San Joaquín (Renca): la pobreza no es excusa / Mariana Aylwin O. -- Diez aspectos replicables para una educación de calidad / Luz María Budge C.
650 0 _aEducational evaluation
_zChile.
655 0 _aElectronic books.
700 1 _aBudge C., Luz María.
700 1 _aAylwin, Mariana,
_d1949-
791 2 _aDigitalia (Firm),
_edistributor.
830 0 _aBibliodiversidad.
793 0 _gDigitalia eBook Collection:
_aRil Editores.
856 4 0 _3Digitalia Hispánica
_uhttps://www.digitaliapublishing.com/a/19140/
910 _aPremium Collection: 2007-2012
942 _cRAA
999 _c236279
_d236279